Súpis rešerší a bibliografií vypracovaných ŠVK v Košiciach roku 1979 /

Uloženo v:
Podrobná bibliografie
Další autoři: Gábor, František (Sestavovatel, kompilátor)
Médium: Kniha
Jazyk:čeština
Vydáno: Košice : vl. n., 1980
Edice:rz1
On-line přístup: Získat plný text
Tagy: Přidat tag
Žádné tagy, Buďte první, kdo vytvoří štítek k tomuto záznamu!

MARC

LEADER 00000cam a2200000 4500
003 SK-BrCVT
005 20220621173614.0
008 091104s1980 cs e ||||||cze d
035 |a CVTIDWR036836 
040 |a    |b slo  |c    |d   
041 0 |a cze 
044 |a cs 
245 1 0 |a Súpis rešerší a bibliografií vypracovaných ŠVK v Košiciach roku 1979 /  |c zostavil František Gábor 
260 3 |a Košice :  |b vl. n.,  |c 1980 
300 |a 62 s. 
700 |a Gábor, František  |4 com 
830 |a rz1 
974 |f Knihy 
999 |c 211881  |d 211881